Catálogo
 En Linea

Vida de Napoleón : (Registro nro. 19718)

Detalles MARC
000 -CABECERA
campo de control de longitud fija 01037nam a2200277 a 4500
001 - NÚMERO DE CONTROL
campo de control 000020212
005 - FECHA Y HORA DE LA ÚLTIMA TRANSACCIÓN
campo de control 20200929170321.0
008 - DATOS DE LONGITUD FIJA--INFORMACIÓN GENERAL
campo de control de longitud fija 100727s1972 sp r 001 0bspa d
040 ## - FUENTE DE LA CATALOGACIÓN
Centro catalogador/agencia de origen DO-SdBNP
Lengua de catalogación spa
Centro/agencia transcriptor BNPHU
082 ## - NÚMERO DE LA CLASIFICACIÓN DECIMAL DEWEY
Número de clasificación 843.8
Número de documento/Ítem S825v
049 ## - FONDOS LOCALES (OCLC)
Fondos de biblioteca BNGR
100 1# - ENTRADA PRINCIPAL--NOMBRE DE PERSONA
Nombre de persona Stendhal,
Fechas asociadas al nombre 1783-1842,
Forma completa/desarrollada del nombre Marie Henri Beyle
9 (RLIN) 42811
245 10 - MENCIÓN DE TÍTULO
Título Vida de Napoleón :
Resto del título fragmentos /
Mención de responsabilidad, etc. Stendhal ; traducción Pedro Vances.
250 ## - MENCIÓN DE EDICIÓN
Mención de edición 3a ed.
260 ## - PUBLICACIÓN, DISTRIBUCIÓN, ETC.
Lugar de publicación, distribución, etc. Madrid :
Nombre del editor, distribuidor, etc. Espasa-Calpe,
Fecha de publicación, distribución, etc. 1972.
300 ## - DESCRIPCIÓN FÍSICA
Extensión 205 p. ;
Dimensiones 18 cm.
490 1# - MENCIÓN DE SERIE
Mención de serie Austral. Anaranjada : biografías y vidas novelescas ;
Designación de volumen o secuencia 1152
500 ## - NOTA GENERAL
Nota general Incluye referencia biográfica del autor en la solapa.
500 ## - NOTA GENERAL
Nota general Incluye índice de autores.
504 ## - NOTA DE BIBLIOGRAFÍA, ETC.
Nota de bibliografía, etc. Incluye referencias bibligráficas y notas al pie de las páginas.
600 10 - PUNTO DE ACCESO ADICIONAL DE MATERIA--NOMBRE DE PERSONA
Nombre de persona NAPOLEÓN, BONAPARTE
Subdivisión cronológica 1769-1821
9 (RLIN) 42812
650 #4 - PUNTO DE ACCESO ADICIONAL DE MATERIA--TÉRMINO DE MATERIA
Término de materia o nombre geográfico como elemento de entrada Novela francesa
9 (RLIN) 1075
650 #4 - PUNTO DE ACCESO ADICIONAL DE MATERIA--TÉRMINO DE MATERIA
Término de materia o nombre geográfico como elemento de entrada Literatura francesa
9 (RLIN) 1074
700 1# - PUNTO DE ACCESO ADICIONAL--NOMBRE DE PERSONA
Nombre de persona Vances, Pedro,
Término indicativo de función/relación tr.
9 (RLIN) 42813
830 #0 - PUNTO DE ACCESO ADICIONAL DE SERIE-TÍTULO UNIFORME
Título uniforme Austral. Anaranjada : biografías y vidas novelescas ;
Designación de volumen o secuencia 1152
9 (RLIN) 3058
Existencias
Estado de retiro Estado de pérdida Restricciones de uso No para préstamo Código de colección Localización permanente Ubicación/localización actual Ubicación en estantería Fecha de adquisición Número de inventario Total de préstamos Signatura topográfica completa Código de barras Fecha visto por última vez Precio válido a partir de Tipo de ítem Koha Número de copia
        Monografías: Libros y Folletos General General En catalogación 27.07.2010 LF1   843.8 S825v 20212-10 25.06.2020 25.06.2020 Préstamo en sala  
      Préstamo restrigido Monografías: Libros y Folletos General General En catalogación 07.02.2011 LF1   843.8 S825v 20212-20 25.06.2020 25.06.2020 Préstamo en sala e. 2

Con tecnología Koha